000 00893nam a22002177a 4500
999 _c9621
_d9621
003 AR-CdUCM
008 190328b ||||| |||| 00| 0 spa d
040 _aMUNICIPALIDAD PROVINCIAL DEL CUSCO
_cBIBLIOTECA MUNICIPAL DEL CUSCO
082 _a947.084 /
_bL66 / 1947
100 _aLenin, Vladimir Ilich Ulianov
_921256
245 _a¿Quiénes son los "amigos del pueblo" y cómo luchan contra los socialdemócratas? :
_bRespuesta de los artículos de "Rússkoe Bogatstvo" contra los marxistas /
260 _aMoscú :
_bEdiciones en Lenguas Extranjeras,
_c1947.
300 _a262 paginas ;
_c20 cm.
505 _aContenido :¿Quiénes son los "amigos del pueblo" y cómo luchan contra los socialdemócratas? /
650 _aComunismo
_9495
650 _aPopulismo en Rusia
_925944
650 _aSocialismo en Rusia
_925945
650 _aHistoria
_9136
942 _2ddc
_cLIBROS
945 _arjall